| 000 | 00535 a2200157 4500 | ||
|---|---|---|---|
| 999 |
_c26571 _d26571 |
||
| 008 | 230615b ||||| |||| 00| 0 eng d | ||
| 020 |
_a9780241237861 _cRs 599.00 |
||
| 082 | 0 | 0 |
_a332.178 _bT175 |
| 100 | _aTapscott, Don | ||
| 245 |
_aBlockchain Revolution: How the Technology Behind Bitcoin and Other Cryptocurrencies is Changing the World / _cDon Tapscott, and Alex Tapscott |
||
| 260 |
_aUK: _bPenguin Random House, _c2018. |
||
| 300 | _aixxiv, 358 p. | ||
| 650 | 0 | _aBlockchain | |
| 700 |
_95464 _aTapscott, Alex |
||
| 942 |
_2ddc _cBK |
||